[Event "Bad Woerishofen"]
[Site "?"]
[Date "2002.??.??"]
[Round "5"]
[White "Herb, Stefan"]
[Black "Costea, Valerius"]
[Result "1-0"]
[WhiteElo "2153"]
[BlackElo "1880"]
[Annotator "ChessOrg"]
[PlyCount "53"]
[EventDate "2002.??.??"]

1. e4 e5 2. Nf3 Nf6 3. Nxe5 d6 4. Nf3 Nxe4 5. d4 d5 6. Bd3 Nc6 7. O-O Be7 8. c4
Nb4 9. Be2 dxc4 10. Nc3 Nxc3 11. bxc3 Nd5 12. Bxc4 c6 13. Qc2 O-O 14. Bd3 h6
15. Rb1 Re8 16. Ne5 c5 17. Bb5 Rf8 18. Rd1 Qc7 19. Bc4 Nb6 20. Bd3 cxd4 21. Qe2
Nd5 22. cxd4 Bd6 23. Qe4 Nf6 24. Qh4 Bxe5 25. dxe5 Qxe5 26. Rb5 Qe7 27. Bxh6
1-0

[Event "Bad Woerishofen"]
[Site "?"]
[Date "2002.??.??"]
[Round "5"]
[White "Ballon, Guenther Jan"]
[Black "Domanski, Markus"]
[Result "1-0"]
[WhiteElo "2207"]
[BlackElo "2113"]
[Annotator "ChessOrg"]
[PlyCount "53"]
[EventDate "2002.??.??"]

1. d4 Nf6 2. c4 e6 3. Nc3 Bb4 4. e3 O-O 5. Nge2 d5 6. a3 Bd6 7. Ng3 dxc4 8.
Bxc4 c6 9. O-O e5 10. d5 cxd5 11. Nxd5 Nxd5 12. Bxd5 Nc6 13. b4 Ne7 14. Bb3 Ng6
15. Bb2 Qe7 16. Qf3 Nh4 17. Qe4 Kh8 18. Rad1 Bc7 19. Rc1 Bb8 20. Rfd1 f5 21.
Qc4 h6 22. b5 Qg5 23. Qc5 Ng6 24. Qxf8+ Nxf8 25. Rxc8 f4 26. Rxf8+ Kh7 27. Bc2+
1-0

[Event "Bad Woerishofen"]
[Site "?"]
[Date "2002.??.??"]
[Round "5"]
[White "Bjarnason, Oskar"]
[Black "Gnegel, Boris Igor"]
[Result "1-0"]
[WhiteElo "2198"]
[BlackElo "2111"]
[Annotator "ChessOrg"]
[PlyCount "53"]
[EventDate "2002.??.??"]

1. e4 c5 2. Nf3 Nf6 3. Nc3 Nc6 4. Bb5 g6 5. e5 Ng4 6. Bxc6 dxc6 7. h3 Nh6 8. g4
f5 9. exf6 exf6 10. d3 Nf7 11. Be3 Be7 12. Nd2 h5 13. Rg1 hxg4 14. hxg4 Ne5 15.
f4 Rh3 16. Bf2 Nxg4 17. Rxg4 Bxg4 18. Qxg4 Rh1+ 19. Nf1 Kf7 20. f5 g5 21. O-O-O
b5 22. Qe4 Rh7 23. Qxc6 b4 24. Qe6+ Kf8 25. Nd5 Rc8 26. Nxe7 Rxe7 27. Qxf6+ 1-0

[Event "Bad Woerishofen"]
[Site "?"]
[Date "2002.??.??"]
[Round "5"]
[White "Unger, Michael"]
[Black "Plank, Peter"]
[Result "1-0"]
[WhiteElo "2213"]
[BlackElo "1804"]
[Annotator "ChessOrg"]
[PlyCount "39"]
[EventDate "2002.??.??"]

1. Nc3 d5 2. e4 e6 3. g3 c5 4. Bg2 Nf6 5. d3 Nc6 6. f4 dxe4 7. dxe4 Qxd1+ 8.
Nxd1 e5 9. c3 b6 10. Nf3 Bd6 11. Ne3 Bb7 12. Nc4 Bc7 13. fxe5 Nxe4 14. O-O
O-O-O 15. Ng5 Nxg5 16. Bxg5 Rde8 17. Rxf7 Nxe5 18. Bxb7+ Kxb7 19. Nxe5 h6 20.
Ng6 1-0

[Event "Bad Woerishofen"]
[Site "?"]
[Date "2002.??.??"]
[Round "5"]
[White "Porubszki, Georg"]
[Black "Graf, Christian"]
[Result "1/2-1/2"]
[WhiteElo "2109"]
[BlackElo "2245"]
[Annotator "ChessOrg"]
[PlyCount "45"]
[EventDate "2002.??.??"]

1. Nf3 d5 2. e3 Nf6 3. d4 Bf5 4. Bd3 Bxd3 5. cxd3 e6 6. Qb3 Qc8 7. O-O Be7 8.
Nc3 O-O 9. e4 c6 10. Bg5 Qc7 11. Rac1 Ng4 12. Bxe7 Qxe7 13. h3 Nf6 14. Rfe1 Qd7
15. Ne5 Qc8 16. Ng4 Nbd7 17. Nxf6+ Nxf6 18. e5 Nd7 19. Nb5 Nb6 20. Nd6 Qd7 21.
a4 Rab8 22. Qa3 Nc8 23. Nxc8 1/2-1/2

[Event "Bad Woerishofen"]
[Site "?"]
[Date "2002.??.??"]
[Round "5"]
[White "Becker, Thomas"]
[Black "Teich, Udo"]
[Result "1/2-1/2"]
[WhiteElo "2181"]
[BlackElo "2096"]
[Annotator "ChessOrg"]
[PlyCount "38"]
[EventDate "2002.??.??"]

1. e4 d5 2. Nc3 dxe4 3. Nxe4 Nf6 4. Nxf6+ exf6 5. Nf3 Bd6 6. Be2 O-O 7. O-O c5
8. d4 cxd4 9. Nxd4 a6 10. Bd3 Qc7 11. Qh5 g6 12. Qh4 Nc6 13. Nxc6 Qxc6 14. Be4
Qc7 15. Bh6 Re8 16. Qxf6 Bxh2+ 17. Kh1 Be5 18. Qf3 Rb8 19. Bd5 Be6 1/2-1/2

[Event "Bad Woerishofen"]
[Site "?"]
[Date "2002.??.??"]
[Round "5"]
[White "Semmler, Guenter"]
[Black "Kroencke, Manfred"]
[Result "1/2-1/2"]
[WhiteElo "2090"]
[BlackElo "2197"]
[Annotator "ChessOrg"]
[PlyCount "25"]
[EventDate "2002.??.??"]

1. Nf3 d5 2. d4 Nf6 3. g3 e6 4. Bg2 Be7 5. c4 O-O 6. O-O b6 7. Nc3 Bb7 8. cxd5
exd5 9. Bg5 Ne4 10. Bxe7 Qxe7 11. e3 Nxc3 12. bxc3 Nd7 13. Qa4 1/2-1/2

[Event "Bad Woerishofen"]
[Site "?"]
[Date "2002.??.??"]
[Round "5"]
[White "Klaus, Daniel"]
[Black "Schiffer, Steve"]
[Result "0-1"]
[WhiteElo "2038"]
[BlackElo "2173"]
[Annotator "ChessOrg"]
[PlyCount "68"]
[EventDate "2002.??.??"]

1. e4 g6 2. d4 d6 3. Nc3 Bg7 4. Be3 c6 5. Nf3 Nf6 6. Be2 Qc7 7. Qd2 O-O 8. Bh6
e5 9. Bxg7 Kxg7 10. dxe5 dxe5 11. Rd1 Nbd7 12. h4 Nc5 13. Qe3 Qb6 14. Qg5 h6
15. Qxe5 Re8 16. Qd4 Ncxe4 17. Nxe4 Rxe4 18. Qc3 Bg4 19. Kf1 Rae8 20. Bd3 Rf4
21. Rd2 Bxf3 22. gxf3 Rxf3 23. Qc4 Nd5 24. Kg2 Rxf2+ 25. Rxf2 Ne3+ 26. Kg3 Nxc4
27. Bxc4 Qe3+ 28. Rf3 Qe5+ 29. Kg2 Qe4 30. Bd3 Qg4+ 31. Rg3 Qd4 32. h5 Re3 33.
Rxe3 Qxe3 34. hxg6 fxg6 0-1

[Event "Bad Woerishofen"]
[Site "?"]
[Date "2002.??.??"]
[Round "6"]
[White "Seifert, Volker"]
[Black "Kunin, Vitaly"]
[Result "1-0"]
[WhiteElo "2261"]
[BlackElo "2424"]
[Annotator "ChessOrg"]
[PlyCount "42"]
[EventDate "2002.??.??"]

1. d4 Nf6 2. c4 c5 3. d5 b5 4. cxb5 a6 5. b6 a5 6. Nc3 Ba6 7. f4 d6 8. Nf3 Nfd7
9. e4 Bxf1 10. b7 Ra7 11. Rxf1 Nb6 12. e5 Rxb7 13. e6 fxe6 14. dxe6 g6 15. f5
Qc8 16. Qe2 Nc6 17. fxg6 hxg6 18. Qe4 Rg8 19. Ng5 Nd4 20. Qf4 Nf5 21. g4 Bh6
1-0

[Event "Bad Woerishofen"]
[Site "?"]
[Date "2002.??.??"]
[Round "6"]
[White "Schoenberger, Peter"]
[Black "Fahnenschmidt, Gerhard"]
[Result "1-0"]
[WhiteElo "2152"]
[BlackElo "2276"]
[Annotator "ChessOrg"]
[PlyCount "85"]
[EventDate "2002.??.??"]

1. e4 c5 2. c3 Nf6 3. e5 Nd5 4. d4 cxd4 5. Nf3 d6 6. exd6 e6 7. Nxd4 Bxd6 8.
Nb5 Bc5 9. Be2 a6 10. Nd4 Qh4 11. O-O O-O 12. Nf3 Qe7 13. c4 Nf6 14. a3 Rd8 15.
Qc2 Nc6 16. Bg5 e5 17. Nc3 Bg4 18. Nd5 Qe6 19. Nc7 Qe7 20. Nxa8 e4 21. Rae1
exf3 22. Bxf3 Be6 23. Bxc6 bxc6 24. b4 Ba7 25. c5 Rxa8 26. f4 Qd8 27. f5 Bd5
28. Qe2 a5 29. Bxf6 gxf6 30. Rf4 axb4 31. axb4 Kh8 32. Qh5 Qf8 33. Rh4 Bxc5+
34. bxc5 Qxc5+ 35. Kh1 Bxg2+ 36. Kxg2 Ra2+ 37. Kh1 Qd5+ 38. Rhe4 Rf2 39. Qg4
Rxf5 40. Rd1 Rg5 41. Rxd5 cxd5 42. Qc8+ Kg7 43. Rd4 1-0

[Event "Bad Woerishofen"]
[Site "?"]
[Date "2002.??.??"]
[Round "6"]
[White "Hornung, Hans"]
[Black "Gawehns, Klaus"]
[Result "1-0"]
[WhiteElo "2173"]
[BlackElo "2385"]
[Annotator "ChessOrg"]
[PlyCount "55"]
[EventDate "2002.??.??"]

1. c4 b6 2. Nc3 Bb7 3. e4 e6 4. d3 c5 5. Nf3 Nc6 6. g3 Nf6 7. Bg2 Be7 8. O-O
O-O 9. b3 d6 10. Bb2 Nd7 11. d4 cxd4 12. Nxd4 Rc8 13. Nc2 a6 14. Kh1 Qc7 15.
Ne3 Rfe8 16. Rc1 Qb8 17. f4 Na7 18. g4 b5 19. g5 Qa8 20. Qh5 g6 21. Qh3 f5 22.
Ncd5 bxc4 23. exf5 exf5 24. bxc4 Bf8 25. Nxf5 Re2 26. Nh6+ Bxh6 27. gxh6 Rxc4
28. Qxd7 1-0

[Event "Bad Woerishofen"]
[Site "?"]
[Date "2002.??.??"]
[Round "6"]
[White "Rahls, Peter"]
[Black "Herb, Stefan"]
[Result "1-0"]
[WhiteElo "2254"]
[BlackElo "2153"]
[Annotator "ChessOrg"]
[PlyCount "81"]
[EventDate "2002.??.??"]

1. e4 e5 2. Nc3 Nf6 3. g3 d5 4. exd5 Nxd5 5. Bg2 Nxc3 6. bxc3 Bc5 7. Ne2 Nc6 8.
O-O O-O 9. Bb2 Bg4 10. h3 Bh5 11. g4 Bg6 12. d4 Bb6 13. a4 Na5 14. Ba3 Re8 15.
Bb4 c6 16. Bxa5 Bxa5 17. Rb1 exd4 18. cxd4 Re7 19. Rb3 f6 20. c4 Bf7 21. d5
cxd5 22. cxd5 Rd7 23. Qb1 Rb8 24. Nd4 Bxd5 25. Bxd5+ Rxd5 26. Nc6 Qd6 27. Nxb8
Bc7 28. Rg3 Bxb8 29. Qxb7 h5 30. gxh5 Rg5 31. Qf3 Kh7 32. Rb1 Rxg3+ 33. Qxg3
Qxg3+ 34. fxg3 Bxg3 35. Kg2 Be5 36. Kf3 a5 37. Kg4 Kh6 38. Rc1 Bd6 39. Rc8 Kh7
40. Kf5 Bb4 41. h6 1-0

[Event "Bad Woerishofen"]
[Site "?"]
[Date "2002.??.??"]
[Round "6"]
[White "Rueberg, Jobst"]
[Black "Nevednichy, Vladislav"]
[Result "0-1"]
[WhiteElo "2295"]
[BlackElo "2569"]
[Annotator "ChessOrg"]
[PlyCount "88"]
[EventDate "2002.??.??"]

1. e4 c5 2. Nf3 d6 3. Bb5+ Nd7 4. O-O Ngf6 5. Nc3 a6 6. Bxd7+ Nxd7 7. d4 e6 8.
Bg5 f6 9. Be3 b5 10. Ne2 cxd4 11. Nfxd4 Nc5 12. f3 Qd7 13. Rc1 e5 14. Nb3 Na4
15. Rb1 Qc7 16. Nbc1 Be6 17. b3 Nb6 18. Nd3 d5 19. Kh1 dxe4 20. fxe4 Be7 21.
Qe1 O-O 22. Qf2 Nd7 23. Ng3 Rac8 24. Nf5 Rfe8 25. Nxe7+ Rxe7 26. Rbc1 Ree8 27.
Rfe1 Bf7 28. Qd2 Qb7 29. Bf2 Bg6 30. Qe3 Rc3 31. Re2 Rec8 32. Be1 R3c6 33. Ba5
Nf8 34. c3 Ne6 35. Nb4 Rd6 36. Nd5 Bxe4 37. Nxf6+ gxf6 38. Qxe4 Qxe4 39. Rxe4
Rd2 40. a4 Nc5 41. Rg4+ Kf7 42. c4 Rd3 43. axb5 Nxb3 44. Rb1 axb5 0-1

[Event "Bad Woerishofen"]
[Site "?"]
[Date "2002.??.??"]
[Round "6"]
[White "Khurtsidze, Nino"]
[Black "Loew, Gerald"]
[Result "1/2-1/2"]
[WhiteElo "2434"]
[BlackElo "2260"]
[Annotator "ChessOrg"]
[PlyCount "104"]
[EventDate "2002.??.??"]

1. d4 Nf6 2. c4 g6 3. Nf3 Bg7 4. g3 O-O 5. Bg2 d5 6. cxd5 Nxd5 7. O-O Nb6 8.
Nc3 Nc6 9. e3 Re8 10. h3 h6 11. Qc2 e5 12. Nxe5 Nxe5 13. dxe5 Bxe5 14. b3 c6
15. Bb2 Qe7 16. Rad1 a5 17. Qc1 a4 18. Ba3 Qe6 19. Bc5 Nd7 20. Nxa4 b5 21. Nb6
Rxa2 22. Nxd7 Bxd7 23. Bd4 Bxd4 24. Rxd4 Qe7 25. Rxd7 Qxd7 26. Bxc6 Qe7 27.
Bxe8 Qxe8 28. Qc3 Qe6 29. Rd1 Ra8 30. h4 Rc8 31. Qb4 Qf5 32. Qd4 Rc2 33. e4 Qf3
34. Ra1 Kh7 35. e5 Qxb3 36. h5 Qe6 37. hxg6+ Qxg6 38. Qf4 Rc4 39. Qf3 Rc7 40.
Ra8 Rc1+ 41. Kh2 Re1 42. Re8 b4 43. g4 Re4 44. Re7 Rxg4 45. Qxf7+ Qxf7 46.
Rxf7+ Rg7 47. Rf3 Rb7 48. e6 Kg7 49. Rf4 b3 50. e7 Rxe7 51. Rb4 Re2 52. Rxb3
Rxf2+ 1/2-1/2

[Event "Bad Woerishofen"]
[Site "?"]
[Date "2002.??.??"]
[Round "6"]
[White "Wallhof, Dieter"]
[Black "Erenska, Hanna"]
[Result "1/2-1/2"]
[WhiteElo "2061"]
[BlackElo "2252"]
[Annotator "ChessOrg"]
[PlyCount "62"]
[EventDate "2002.??.??"]

1. d4 Nf6 2. Nf3 d6 3. g3 Nbd7 4. Bg2 e5 5. c4 c6 6. O-O Be7 7. Nc3 e4 8. Ne1
d5 9. cxd5 cxd5 10. f3 exf3 11. Bxf3 Nb6 12. a4 Bh3 13. Ng2 O-O 14. a5 Nc4 15.
Bg5 Be6 16. a6 h6 17. Bxf6 Bxf6 18. axb7 Rb8 19. b3 Na5 20. Nf4 Nc6 21. e3 Nb4
22. Rxa7 Qb6 23. Ra4 Rfd8 24. Qe2 Rxb7 25. Rxb4 Qxb4 26. Ncxd5 Bxd5 27. Nxd5
Qb5 28. Nxf6+ gxf6 29. Qc2 Qxb3 30. Qe4 Kg7 31. Qg4+ 31... Kf8 {
Rest nicht rekonstruierbar} 1/2-1/2

[Event "Bad Woerishofen"]
[Site "?"]
[Date "2002.??.??"]
[Round "6"]
[White "Georgiev, Kiril"]
[Black "Pirrot, Dieter"]
[Result "1-0"]
[WhiteElo "2655"]
[BlackElo "2436"]
[Annotator "ChessOrg"]
[PlyCount "45"]
[EventDate "2002.??.??"]

1. Nf3 Nc6 2. d4 d5 3. Bf4 Bg4 4. e3 e6 5. c4 Bb4+ 6. Nc3 Nf6 7. h3 Bxf3 8.
Qxf3 Ne4 9. Rc1 Qe7 10. cxd5 exd5 11. Qd1 O-O 12. Be2 Nd8 13. O-O Bxc3 14. bxc3
Ne6 15. Bh2 Rfd8 16. c4 c6 17. Qc2 Nf8 18. Bd3 Nf6 19. Rfe1 Ng6 20. a4 dxc4 21.
Qxc4 Nd5 22. a5 a6 23. Rb1 1-0

[Event "Bad Woerishofen"]
[Site "?"]
[Date "2002.??.??"]
[Round "6"]
[White "Loskamp, Stefan"]
[Black "Unger, Michael"]
[Result "0-1"]
[WhiteElo "2132"]
[BlackElo "2213"]
[Annotator "ChessOrg"]
[PlyCount "42"]
[EventDate "2002.??.??"]

1. e4 Nc6 2. d4 d5 3. Nc3 Nf6 4. e5 Nd7 5. f4 Nb6 6. Nf3 Bg4 7. Be3 e6 8. h3
Bf5 9. g4 Be4 10. Nxe4 dxe4 11. Ng5 Nd5 12. Kf2 f5 13. gxf5 exf5 14. c4 Nxe3
15. Kxe3 Qe7 16. Rh2 O-O-O 17. Rd2 h6 18. Qh5 hxg5 19. Qxh8 gxf4+ 20. Kxf4 Nxe5
21. Qh5 g6 0-1

[Event "Bad Woerishofen"]
[Site "?"]
[Date "2002.??.??"]
[Round "6"]
[White "Popitz, Andreas"]
[Black "Marin, Mihail"]
[Result "0-1"]
[WhiteElo "2182"]
[BlackElo "2551"]
[Annotator "ChessOrg"]
[PlyCount "70"]
[EventDate "2002.??.??"]

1. d4 Nf6 2. Nf3 e6 3. e3 b6 4. Be2 Bb7 5. O-O g6 6. b3 Bg7 7. Bb2 O-O 8. c4 c5
9. Nbd2 Qe7 10. Qc2 Nc6 11. Rad1 d6 12. Qb1 Rad8 13. Qa1 Ne8 14. dxc5 bxc5 15.
a3 a5 16. Bxg7 Nxg7 17. Qc3 f5 18. Ne1 f4 19. Bf3 fxe3 20. fxe3 Nf5 21. g3 d5
22. cxd5 exd5 23. Rc1 Nxe3 24. Rf2 c4 25. bxc4 d4 26. Qb3 Ba8 27. Nd3 Rb8 28.
Qa4 Ne5 29. Nxe5 Qxe5 30. c5 Bxf3 31. Nxf3 Qxc5 32. Re1 d3 33. Qd4 Qxd4 34.
Nxd4 Rxf2 35. Kxf2 d2 0-1

[Event "Bad Woerishofen"]
[Site "?"]
[Date "2002.??.??"]
[Round "6"]
[White "Scherer, Helmut"]
[Black "Pavlovic, Milos"]
[Result "0-1"]
[WhiteElo "2275"]
[BlackElo "2497"]
[Annotator "ChessOrg"]
[PlyCount "48"]
[EventDate "2002.??.??"]

1. e4 c5 2. Nf3 e6 3. c3 Nf6 4. e5 Nd5 5. d4 cxd4 6. Qxd4 Nc6 7. Qe4 Qc7 8.
Nbd2 b6 9. Bd3 Bb7 10. O-O f5 11. exf6 gxf6 12. Nb3 Nce7 13. Qc4 Qxc4 14. Bxc4
Rg8 15. Nbd4 Rc8 16. Be2 Ng6 17. g3 Ndf4 18. Bxf4 Nxf4 19. Bd1 Bc5 20. Nb3 Ke7
21. a4 h5 22. a5 h4 23. Nxc5 Rxc5 24. Ra4 Rf5 0-1

[Event "Bad Woerishofen"]
[Site "?"]
[Date "2002.??.??"]
[Round "6"]
[White "Von Saldern, Ruediger"]
[Black "Dittmar, Peter"]
[Result "0-1"]
[WhiteElo "2127"]
[BlackElo "2330"]
[Annotator "ChessOrg"]
[PlyCount "92"]
[EventDate "2002.??.??"]

1. d4 Nf6 2. Nf3 e6 3. Bg5 c5 4. c3 h6 5. Bxf6 Qxf6 6. e3 b6 7. Bd3 Bb7 8. Nbd2
Qd8 9. O-O Be7 10. Qc2 O-O 11. Rad1 d6 12. Be4 d5 13. Bd3 Nd7 14. e4 cxd4 15.
Nxd4 Nc5 16. e5 Qc7 17. f4 Ba6 18. Bxa6 Nxa6 19. Qd3 Nc5 20. Qb1 Rae8 21. Rde1
Qd7 22. Re3 f6 23. b4 Na4 24. N2f3 f5 25. b5 Rc8 26. Qc2 Nc5 27. Nc6 Ne4 28.
Nfd4 Bc5 29. Rd1 a6 30. a4 axb5 31. axb5 Qf7 32. c4 dxc4 33. Qxc4 Rc7 34. Red3
Re8 35. Kf1 Rd7 36. Nf3 Rxd3 37. Qxd3 Nf2 38. Qd7 Nxd1 39. Qxd1 Ra8 40. Nd8 Qe8
41. Nc6 Rc8 42. Nh4 Rc7 43. g3 Rd7 44. Qb3 Kh7 45. g4 Qa8 46. Qb1 Qa4 0-1

[Event "Bad Woerishofen"]
[Site "?"]
[Date "2002.??.??"]
[Round "6"]
[White "Levin, Felix"]
[Black "Naiditsch, Arkadij"]
[Result "1-0"]
[WhiteElo "2518"]
[BlackElo "2532"]
[Annotator "ChessOrg"]
[PlyCount "76"]
[EventDate "2002.??.??"]

1. d4 Nf6 2. c4 e6 3. Nf3 Bb4+ 4. Nbd2 O-O 5. a3 Be7 6. e3 c5 7. Bd3 cxd4 8.
exd4 b6 9. b4 a5 10. b5 Bb7 11. O-O d6 12. Bb2 Nbd7 13. Re1 Re8 14. Nf1 Rc8 15.
Ng3 Bf8 16. Rc1 Rc7 17. Bf1 Qa8 18. Nd2 g6 19. Qb3 h5 20. Qe3 e5 21. d5 Ng4 22.
Qe2 f5 23. f3 Ngf6 24. Nh1 Bh6 25. Nf2 h4 26. Nh3 Nc5 27. f4 exf4 28. Qf2 Ng4
29. Qxh4 Rh7 30. Ng5 Rxe1 31. Rxe1 Qd8 32. Ndf3 Nxh2 33. Bf6 Nxf3+ 34. gxf3
Qxf6 35. Re8+ Kg7 36. Ne6+ Kf7 37. Nd8+ Kxe8 38. Qxf6 Re7 1-0

[Event "Bad Woerishofen"]
[Site "?"]
[Date "2002.??.??"]
[Round "6"]
[White "Skembris, Spyridon"]
[Black "Eingorn, Viacheslav"]
[Result "1/2-1/2"]
[WhiteElo "2464"]
[BlackElo "2598"]
[Annotator "ChessOrg"]
[PlyCount "38"]
[EventDate "2002.??.??"]

1. d4 Nf6 2. Nf3 e6 3. c4 Bb4+ 4. Bd2 a5 5. Nc3 b6 6. g3 Bb7 7. Bg2 d6 8. O-O
Nbd7 9. Rc1 O-O 10. Bg5 Bxc3 11. Rxc3 Qb8 12. Qa4 h6 13. Bxf6 Nxf6 14. Rd1 Re8
15. Ne1 Bxg2 16. Nxg2 Qb7 17. f3 c6 18. e4 Rec8 19. Qa3 Rd8 1/2-1/2

[Event "Bad Woerishofen"]
[Site "?"]
[Date "2002.??.??"]
[Round "6"]
[White "Wittfoth, Kai-Uwe"]
[Black "Heika, Martin"]
[Result "1/2-1/2"]
[WhiteElo "2166"]
[BlackElo "2339"]
[Annotator "ChessOrg"]
[PlyCount "67"]
[EventDate "2002.??.??"]

1. d4 Nf6 2. Nf3 e6 3. Bf4 b6 4. e3 Bb7 5. Nbd2 d6 6. h3 Be7 7. Bc4 O-O 8. O-O
c5 9. a4 Nc6 10. c3 Qd7 11. Re1 a6 12. Qe2 d5 13. Bd3 h6 14. Bc2 Bd6 15. Bxd6
Qxd6 16. e4 dxe4 17. Nxe4 Nxe4 18. Qxe4 g6 19. dxc5 Qxc5 20. Qg4 Kg7 21. Rxe6
Ne7 22. Ree1 Rad8 23. Nd4 Rfe8 24. Rad1 Nc6 25. Rxe8 Rxe8 26. Qd7 Re7 27. Qg4
Nxd4 28. Qxd4+ Qxd4 29. cxd4 Re2 30. Rc1 Rd2 31. Bb3 Rxd4 32. Rc7 Be4 33. Rxf7+
Kh8 34. Rf8+ 1/2-1/2

[Event "Bad Woerishofen"]
[Site "?"]
[Date "2002.??.??"]
[Round "6"]
[White "Graf, Christian"]
[Black "Lomer, Edmund"]
[Result "1/2-1/2"]
[WhiteElo "2245"]
[BlackElo "2082"]
[Annotator "ChessOrg"]
[PlyCount "82"]
[EventDate "2002.??.??"]

1. e4 d5 2. exd5 Qxd5 3. Nc3 Qa5 4. d4 c6 5. Bc4 Nf6 6. Nf3 Bf5 7. Bd2 Qc7 8.
Ne5 e6 9. Qe2 Nbd7 10. Nxd7 Nxd7 11. d5 Qe5 12. dxe6 Qxe2+ 13. Nxe2 Bxe6 14.
Bxe6 fxe6 15. Nf4 Kf7 16. O-O Bd6 17. Rad1 Rad8 18. Nh3 Be7 19. Ng5+ Bxg5 20.
Bxg5 Nf6 21. c4 c5 22. b3 b6 23. f3 Rhe8 24. Bf4 Rxd1 25. Rxd1 e5 26. Bg5 Re7
27. Rd8 h6 28. Bxf6 gxf6 29. g4 Kg6 30. Kf2 h5 31. h3 hxg4 32. hxg4 Rh7 33. Kg3
Re7 34. Rd6 Kg5 35. Rd8 Kg6 36. Rd5 Rh7 37. a3 Rh1 38. Rd7 Rb1 39. Rd3 Rg1+ 40.
Kf2 Ra1 41. a4 Rb1 1/2-1/2

[Event "Bad Woerishofen"]
[Site "?"]
[Date "2002.??.??"]
[Round "6"]
[White "Werner, Clemens"]
[Black "Bjarnason, Oskar"]
[Result "1/2-1/2"]
[WhiteElo "2393"]
[BlackElo "2198"]
[Annotator "ChessOrg"]
[PlyCount "45"]
[EventDate "2002.??.??"]

1. e4 d5 2. exd5 Qxd5 3. d4 Nc6 4. Nf3 Bg4 5. Be2 O-O-O 6. Be3 e5 7. Nc3 Qa5 8.
Nxe5 Bxe2 9. Qxe2 Nxe5 10. dxe5 Qxe5 11. O-O Nf6 12. Qf3 Bc5 13. Rfe1 Rhe8 14.
Bd2 Qh5 15. Qxh5 Nxh5 16. Bg5 f6 17. Rxe8 Rxe8 18. Bd2 g6 19. Kf1 c6 20. Rd1 f5
21. Bg5 Ng7 22. Bf6 Ne6 23. Re1 1/2-1/2

[Event "Bad Woerishofen"]
[Site "?"]
[Date "2002.??.??"]
[Round "6"]
[White "Hermann, Manfred"]
[Black "Grimm, Sven"]
[Result "1/2-1/2"]
[WhiteElo "2340"]
[BlackElo "2174"]
[Annotator "ChessOrg"]
[PlyCount "40"]
[EventDate "2002.??.??"]

1. e4 d5 2. exd5 Nf6 3. d4 Nxd5 4. c4 Nb6 5. Nc3 e5 6. d5 c6 7. a3 cxd5 8. cxd5
Bd6 9. Bb5+ Bd7 10. Bxd7+ Qxd7 11. Nf3 O-O 12. O-O Na6 13. a4 Rac8 14. a5 Nc4
15. b3 Nxa5 16. Bb2 b6 17. Ne4 Rfe8 18. Nxd6 Qxd6 19. Ba3 Qd7 20. Bb2 f6
1/2-1/2

[Event "Bad Woerishofen"]
[Site "?"]
[Date "2002.??.??"]
[Round "6"]
[White "Guenther, Thomas"]
[Black "Heinig, Wolfram"]
[Result "0-1"]
[WhiteElo "2101"]
[BlackElo "2287"]
[Annotator "ChessOrg"]
[PlyCount "77"]
[EventDate "2002.??.??"]

1. d4 Nf6 2. Nf3 g6 3. c4 d6 4. Nc3 Nbd7 5. e4 e5 6. d5 Nc5 7. Qc2 a5 8. b3 Bg7
9. Bb2 O-O 10. Nd2 Nh5 11. g3 f5 12. h3 Bd7 13. a3 Bh6 14. Bc1 Qf6 15. Bg2 a4
16. b4 Bxd2+ 17. Bxd2 Nb3 18. Rd1 f4 19. g4 f3 20. Bf1 Nd4 21. Qb2 Ng3 22. Rh2
Qh4 23. Be3 Nxf1 24. Kxf1 Bxg4 25. Ke1 Ne2 26. Kd2 Rf7 27. Qc2 Bd7 28. Nxe2
fxe2 29. Rg1 Rf4 30. Ke1 Rxe4 31. Qxe2 Rf8 32. c5 Bb5 33. Qd2 Rf3 34. Kd1 Rxh3
35. Rhg2 Rh1 36. Qe1 Rxg1 37. Qxg1 Qh5+ 38. Kd2 Qf5 39. Rg5 0-1

[Event "Bad Woerishofen"]
[Site "?"]
[Date "2002.??.??"]
[Round "6"]
[White "Buchner, Rudolf"]
[Black "Quinn, John"]
[Result "1/2-1/2"]
[WhiteElo "2296"]
[BlackElo "2174"]
[Annotator "ChessOrg"]
[PlyCount "67"]
[EventDate "2002.??.??"]

1. e4 c5 2. Nf3 e6 3. d4 cxd4 4. Nxd4 Nc6 5. Nc3 Qc7 6. Be3 a6 7. Be2 Nf6 8.
O-O Bb4 9. Na4 O-O 10. Nxc6 bxc6 11. Nb6 Rb8 12. Nxc8 Rfxc8 13. Bxa6 Rf8 14.
Bd3 Bd6 15. f4 e5 16. f5 Rxb2 17. g4 Qa5 18. Kh1 Bc5 19. Bc1 Rb7 20. g5 Ne8 21.
Bd2 Qa4 22. Qh5 d5 23. Rae1 Nd6 24. g6 fxg6 25. fxg6 Rxf1+ 26. Rxf1 hxg6 27.
Qxg6 dxe4 28. Qe6+ Kh7 29. Qh3+ Kg8 30. Be2 Qxc2 31. Qe6+ Kh7 32. Qh3+ Kg8 33.
Qe6+ Kh7 34. Qh3+ 1/2-1/2

[Event "Bad Woerishofen"]
[Site "?"]
[Date "2002.??.??"]
[Round "6"]
[White "Schmidt, Andreas"]
[Black "Braun, Peter"]
[Result "1-0"]
[WhiteElo "1933"]
[BlackElo "2266"]
[Annotator "ChessOrg"]
[PlyCount "87"]
[EventDate "2002.??.??"]

1. e4 c6 2. d4 d5 3. exd5 cxd5 4. c4 Nf6 5. Nc3 Nc6 6. Nf3 Bg4 7. cxd5 Nxd5 8.
Qb3 Bxf3 9. gxf3 Nb6 10. d5 Nd4 11. Bb5+ Nxb5 12. Nxb5 a6 13. Nc3 Qc7 14. Be3
Nd7 15. Rc1 Rc8 16. O-O Qb8 17. Qa4 e5 18. dxe6 fxe6 19. Rfd1 Bd6 20. f4 Rc6
21. Ne4 Rxc1 22. Bxc1 b5 23. Qxa6 Be7 24. Qxe6 Nf8 25. Nd6+ Qxd6 26. Qc8+ Kf7
27. Rxd6 Bxd6 28. f5 g6 29. Bg5 gxf5 30. Qxf5+ Ke8 31. Qxb5+ Nd7 32. Kh1 Rg8
33. Qd5 Rg6 34. Qe4+ Kf7 35. Bf4 Be7 36. Qd5+ Ke8 37. Qa8+ Kf7 38. Qd5+ Ke8 39.
Qa8+ Kf7 40. Qb7 Nc5 41. Qd5+ Ne6 42. Bg3 Rg5 43. Qf3+ Ke8 44. Bh4 1-0

[Event "Bad Woerishofen"]
[Site "?"]
[Date "2002.??.??"]
[Round "6"]
[White "Schaefer, Michael"]
[Black "Hahn, Guenter"]
[Result "1/2-1/2"]
[WhiteElo "2247"]
[BlackElo "2152"]
[Annotator "ChessOrg"]
[PlyCount "39"]
[EventDate "2002.??.??"]

1. d4 d5 2. c4 c6 3. Nc3 Nf6 4. e3 e6 5. Nf3 Nbd7 6. Bd3 Bd6 7. e4 dxe4 8. Nxe4
Nxe4 9. Bxe4 O-O 10. O-O h6 11. Bc2 e5 12. c5 Bc7 13. Qd3 f5 14. dxe5 Nxe5 15.
Nxe5 Bxe5 16. Qc4+ Kh8 17. Bf4 Qd4 18. Qxd4 Bxd4 19. Bd6 Re8 20. Rfe1 1/2-1/2

[Event "Bad Woerishofen"]
[Site "?"]
[Date "2002.??.??"]
[Round "6"]
[White "Guggenberger, Guido"]
[Black "Semmler, Guenter"]
[Result "1/2-1/2"]
[WhiteElo "2171"]
[BlackElo "2090"]
[Annotator "ChessOrg"]
[PlyCount "28"]
[EventDate "2002.??.??"]

1. c4 Nf6 2. g3 c5 3. Bg2 d5 4. cxd5 Nxd5 5. Nf3 Nc6 6. Nc3 Nc7 7. O-O e5 8. d3
Be7 9. Ne1 Qd7 10. Qa4 Nd4 11. Qxd7+ Bxd7 12. f4 exf4 13. Bxf4 Nce6 14. Bd2 f6
1/2-1/2

[Event "Bad Woerishofen"]
[Site "?"]
[Date "2002.??.??"]
[Round "6"]
[White "Keller, Manfred"]
[Black "Warns, Heiko"]
[Result "1/2-1/2"]
[WhiteElo "2223"]
[BlackElo "2140"]
[Annotator "ChessOrg"]
[PlyCount "35"]
[EventDate "2002.??.??"]

1. e4 c5 2. Nf3 d6 3. Bb5+ Bd7 4. Bxd7+ Qxd7 5. O-O Nc6 6. c3 Nf6 7. d4 cxd4 8.
cxd4 d5 9. e5 Ne4 10. Ne1 f6 11. f3 Ng5 12. Be3 Nf7 13. f4 f5 14. Nc3 e6 15.
Nd3 b6 16. Kh1 Be7 17. Rc1 Rc8 18. Qe2 1/2-1/2

[Event "Bad Woerishofen"]
[Site "?"]
[Date "2002.??.??"]
[Round "6"]
[White "Kroencke, Manfred"]
[Black "Pohlers, Juergen"]
[Result "1/2-1/2"]
[WhiteElo "2197"]
[BlackElo "2133"]
[Annotator "ChessOrg"]
[PlyCount "38"]
[EventDate "2002.??.??"]

1. e4 c5 2. Nf3 Nc6 3. d3 Nf6 4. g3 e5 5. Bg2 d6 6. h3 h6 7. O-O Be6 8. c3 Qd7
9. Kh2 g5 10. Ng1 Be7 11. Na3 O-O-O 12. Nc2 d5 13. Qe2 h5 14. f4 dxe4 15. dxe4
Ng4+ 16. Kh1 Qd3 17. Qxd3 Rxd3 18. Nf3 gxf4 19. gxf4 Bc4 1/2-1/2